NLSUI OPAC header image

Contract of employment and management prerogatives (Record no. 8457)

MARC details
000 -LEADER
fixed length control field 00482nam a2200157Ia 4500
008 - FIXED-LENGTH DATA ELEMENTS--GENERAL INFORMATION
fixed length control field 160316s1993 xxu||||| |||| 00| 0 eng d
082 ## - DEWEY DECIMAL CLASSIFICATION NUMBER
Classification number 344.012000
Item number CHA-1
100 ## - MAIN ENTRY--PERSONAL NAME
Personal name Chander Harish
245 ## - TITLE STATEMENT
Title Contract of employment and management prerogatives
250 ## - EDITION STATEMENT
Edition statement
260 ## - PUBLICATION, DISTRIBUTION, ETC.
Place of publication, distribution, etc. Ghaziabad
Name of publisher, distributor, etc. Vijaya Publications
Date of publication, distribution, etc. 1993
300 ## - PHYSICAL DESCRIPTION
Extent 322p
Other physical details
Dimensions
365 ## - TRADE PRICE
Price amount Rs.20/-
650 ## - SUBJECT ADDED ENTRY--TOPICAL TERM
Topical term or geographic name entry element 1.Labour Law - Employee - Employer - Relations - India<br/>2.Contract of Employment - India
700 ## - ADDED ENTRY--PERSONAL NAME
Personal name
--
Holdings
Withdrawn status Lost status Damaged status Not for loan Home library Current library Shelving location Date acquired Cost, normal purchase price Total Checkouts Full call number Barcode Date last seen Price effective from Koha item type
        . . Library Compactors 30.05.2017 20.00   344.012 CHA-1 8712 30.05.2017 30.05.2017 BOOKs